Cavantina pro violoncello nebo housle s průvodem klavíru : z filmu: "Bludná pouť" /

Hlavní autor: Fiala, Jiří Julius, 1892-1974
Jazyk: Nelze použít, není lingvistický obsah
Vydáno: Praha : František Kudelík, [1945?]
Fyzický popis: 1 partitura (4 s.) + 2 hlasy
Hudebniny Hudebniny
Uloženo v:
LEADER 00751ncm a22002052a 4500
001 001329865
003 CZ BrMZK
005 20140515111222.0
007 qu
008 130926s1945 xr |||||||||||||||||zxx d
040 |a BOA001  |b cze 
072 7 |a 786  |x Hudba pro klávesové nástroje  |2 Konspekt  |9 9 
100 1 |a Fiala, Jiří Julius,  |d 1892-1974  |7 jk01030995  |4 cmp 
245 1 0 |a Cavantina  |h [hudebnina] :  |b pro violoncello nebo housle s průvodem klavíru : z filmu: "Bludná pouť" /  |c Jiří Fiala 
260 |a Praha :  |b František Kudelík,  |c [1945?] 
300 |a 1 partitura (4 s.) + 2 hlasy 
910 |a BOA001  |b Mus4-0179.228 
990 |a MU 
991 |b 201309 
996 6 |b 2619607073  |c Mus4-0179.228  |l MZK  |r Sklad / do 1 hodiny  |n 0  |w 001364779  |u 000010  |a 1  |e BOA001  |j MZK50  |s P